Hits Beginning With C - Statistics

General Stats
  • This quiz has been taken 21 times
  • The average score is 8 of 15
Answer Stats
Hint Answer % Correct
1966 hit by Mamas & The Papas California Dreamin'
90%
1987 number 2 hit for Spagna .. also the title of a Blondie hit Call Me
80%
1995 number 1 hit for Blur Country House
80%
1973 UK number 1 single for Suzi Quatro Can The Can
70%
A hit for Simon & Garfunkel and Suggs Cecilia
70%
1980 number 2 hit for Paul McCartney which reached number 1 in the USA Coming Up
70%
Song that has been a hit for Donna Summer, Barry Manilow & Take That Could It Be Magic
70%
1979 number 2 hit for Squeeze Cool For Cats
60%
1986 number 1 single for Diana Ross Chain Reaction
40%
1991 European disco hit for The Army Of Lovers Crucified
40%
2001 hit by Alacazar which sampled Sheila & B. Devotion's hit Spacer Crying At The Discotheque
40%
1976 number 2 single for The Real Thing Can't Get By Without You
20%
1974 number 8 hit for Barry White Can't Get Enough Of Your Love Babe
20%
1969 number 3 hit for Clodagh Rodgers Come Back And Shake Me
20%
2003 top 20 hit for Sonique Can't Make Up My Mind
0%
No matching quizzes found
Score Distribution
Percent of People with Each Score
Percentile by Number Answered
Your Score History
You have not taken this quiz